| 000 | 00737nam a22002177a 4500 | ||
|---|---|---|---|
| 003 | UA-OsUOA | ||
| 001 | 90755 | ||
| 007 | ta | ||
| 008 | 20121120b un ||||| |||| 00| 0 ukr d | ||
| 100 | _aГорячок І. | ||
| 090 |
_a82 _bГ71 |
||
| 942 | _cSA | ||
| 040 |
_aUA-OsUOA _bukr _cUA-OsUOA _dUA-OsUOA |
||
| 245 | _aІнтерактивні прийоми вивчення публіцистичних творів на уроках української літератури | ||
| 300 | _aС.20-23 | ||
| 955 | _a0 | ||
| 041 | _aukr | ||
| 080 | _a82 | ||
| 773 | 0 |
_w90750 _tУкраїнська мова і література в школі _dК. _d2012 _g6 |
|
| 650 | 7 |
_a82 Література. Літературознавство _2UDC |
|
| 999 |
_c377031 _d377031 |
||